00753nam a22002057a 4500003000400000005001700004008004100021020002500062020002500087020002500112040000700137050001400144100001800158245014600176250002800322260002500350300004600375440003200421500009400453OSt20210421132805.0200512b xxu||||| |||| 00| 0 eng d a9780199229093 vol. 1 a9780199565337 vol. 2 a9780199229086 vol. 3 cLC aQM34..R66 aRomanes, G.J. aCunningham's manual of practical anatomybVol. 1- Upper and lower limbs; vol. 2 thorax and abdomen; vol. 3 head, neck and braincG.J. Romanes a15th ed.:b3 Volumes .  aOxford:bOUP,c1986. a3 v. fronts.billus. (part col.) c19 cm. aOxford medical publications av. 1. Upper limb. Lower limb. --v. 2. Thorax and abdomen. --v. 3. Head and neck. Brain.